Major trends in media and mass communication
| Main Author: | |
|---|---|
| Format: | Book |
| Published: |
New India :
Cyber Tech Publications ,
2006
|
| Subjects: |
MARC
| LEADER | 00000cam a2200000 7i4500 | ||
|---|---|---|---|
| 001 | 0000022871 | ||
| 005 | 20080808.0 | ||
| 008 | 080808 | ||
| 020 | |a 8178841967 | ||
| 090 | 0 | 0 | |a 302.23 |b DHI |
| 100 | 1 | |a Dhingra, R. K. | |
| 245 | 1 | 0 | |a Major trends in media and mass communication |c R. K. Dhingra |
| 260 | |a New India : |b Cyber Tech Publications , |c 2006 | ||
| 650 | 0 | |a Mass media | |
| 999 | |a 0001023355 |b Book |c REFERENCE |e Perbadanan Perpustakaan Awam Johor | ||